000 00566nam a2200181 a 4500
001 000040897
005 20201002034447.0
008 130911s19uu sp 000 0 spa d
020 _a8477382034
040 _aDO-SdBNP
_bspa
_cBNPHU
100 1 _aGnutzmann, Rita
_914986
245 1 3 _aLa Teoría Literaria Alemana /
_cRita Gnutzmann.
260 _aMadrid :
_bSíntesis,
_c[19-?].
300 _a240 p. ;
_c22 cm.
500 _aIncluye datos biográficos del autor en la contracubierta
500 _aIncluye índice onomástico
504 _aBibliografía : p. 235-240
999 _c40387
_d40387